|
|
|
|
| LEADER |
01054nam a2200301 a 4500 |
| 001 |
30960 |
| 003 |
BD-DhAAL |
| 005 |
20160224145236.0 |
| 008 |
160224s1992 nyu 000 0 eng |
| 010 |
|
|
|a 89037253
|
| 020 |
|
|
|a 1557785392
|
| 020 |
|
|
|a 1557781710
|
| 040 |
|
|
|a DLC
|c DLC
|d DLC
|d BD-DhAAL
|
| 050 |
0 |
0 |
|a BD21
|b .K57 1990
|
| 082 |
0 |
0 |
|a 100
|2 20
|
| 100 |
1 |
|
|a Kleiman, Lowell,
|d 1942-
|9 18143
|
| 245 |
1 |
0 |
|a Philosophy :
|b an introduction through literature /
|c [by] Lowell Kleiman & Stephen Lewis.
|
| 250 |
|
|
|a 1st paperback ed.
|
| 264 |
|
|
|a New York, N.Y. :
|b Paragon House,
|c c1992.
|
| 300 |
|
|
|a xiv, 618 p. ;
|c 27 cm.
|
| 526 |
|
|
|a ENH
|
| 541 |
|
|
|e 30960
|
| 650 |
|
0 |
|a Philosophy
|v Introductions.
|9 18144
|
| 650 |
|
0 |
|a Philosophy in literature.
|9 18145
|
| 700 |
1 |
|
|a Lewis, Stephen,
|d 1942-
|9 18146
|
| 942 |
|
|
|2 ddc
|c BK
|
| 999 |
|
|
|c 36924
|d 36924
|
| 952 |
|
|
|0 0
|1 0
|2 ddc
|4 0
|6 100_000000000000000_KLE
|7 0
|9 58144
|a BRACUL
|b BRACUL
|c GEN
|d 2016-02-24
|e R K Corporation
|g 3890.00
|l 8
|m 30
|o 100 KLE
|p 3010030960
|q 2026-06-02
|r 2026-05-16
|s 2026-05-16
|t 1
|w 2016-02-24
|y BK
|